Fundamentos de diseño para Ingeniería mecánica

Bibliographic Details
Main Author: Juvinall, Robert C.
Format: Section = Libro
Language:Undetermined
Spanish
Published: México Limusa 1991
Subjects:
LEADER 00568nam a2200205Ia 4500
008 240829s9999 xx 000 0 und d
020 |a 968-18-3836-X 
040 |a BIBLIOTECA-RUPAP 620.0042 J97 
041 |a spa 
082 |a 620.0042 J97 
100 1 |a Juvinall, Robert C. 
245 1 0 |a Fundamentos de diseño para Ingeniería mecánica 
260 |a México  |b Limusa  |c 1991 
300 |a 827 p. il 
650 7 |a DISEÑO INDUSTRIAL 
650 7 |b  INGENIERIA MECANICA 
650 7 |c  RESISTENCIA DE MATERIALES. I. Tít. 
942 |c BK  |2 ddc 
991 |a TEXTO 
999 |c 8597